Drapeaux des Régions et Provinces de Belgique - Statistiques

Statistiques générales
  • Ce quiz a été pris 179 fois
  • Le résultat moyen est 9 sur 13
Statistiques - réponses
Par images Réponse % Correct
Bruxelles
89%
Wallonie
89%
Flandre
85%
Luxembourg
73%
Anvers
64%
Liège
64%
Flandre Orientale
63%
Namur
61%
Flandre Occidentale
59%
Brabant Wallon
57%
Limbourg
57%
Hainaut
55%
Brabant Flamand
53%
Aucun quiz correspondant
Distribution des résultats
% des personnes avec chaque résultat
Percentile par nombre de réponses
Votre historique - résultats
Vous n’avez pas pris ce quiz